000 00306nam a2200121Ia 4500
008 240731s9999 xx 000 0 und d
022 _a2578-5656
245 4 _aThe Journal of Holocaust Research
260 _bRoutledge
856 _uhttps://www.tandfonline.com/loi/rdap21
942 _2ddc
942 _cTFEJ
999 _c79986
_d79986
945 _a1
_bMadushi Gamage
_c1
_dMadushi Gamage